000
00279nam a2200097Ia 4500
008
220204s9999 xx 000 0 und d
082
_a
658.562(058)
_b
QPR
245
0
_a
Q-Prod's directory of ISO 9000 certified companies
260
_a
New Delhi
_b
Q Prod publishers
_c
1998
942
_c
BK
999
_c
41518
_d
41518